000 01389 a2200241 4500
001 49404
005 20260407155757.0
008 260407a2019 arg spa d
003 AR-UNSa-BCEJYS
040 _aAR-UNSa-BCEJYS
_bspa
_cAR-UNSa-BCEJYS
080 _a336.2
_xIngresos públicos (Derecho tributario)
245 1 0 _aManual de derecho tributario
020 _a978-950-20-2925-2
250 _a4a. ed.
264 1 _aBuenos Aires :
_bAbeledo Perrot
_c2019
300 _alvi, 1078 p.
_c24 cm.
505 _aPrimera Parte: Teoría general de la distribución: 1.Nociones preliminares - 2. Impuestos - 3. Tasas y contribuciones especiales - - Segunda Parte: DERECHO TRIBUTARIO EN GENERA Y EN SUS SUBDIVISIONES: 4. Derecho tributario en general. Derecho tributario internacional y derecho comunitario - 5. Interpretación y eficacia de las normas tributarias - 6. Derecho tributario constitucional - 7. Derecho tributario material o sustantivo - 8. Derecho tributario formal o administrativo - 9. Derecho tributario procesal - 10. Derecho tributario penal Tercera Parte: DERECHO TRIBUTARIO EN ESPECIAL: 11. Noción de algunos impuestos en especial.
041 _aspa
942 _cBK
590 _aniveau_biblio:m niveau_hierar:0
100 1 _aGarcía Vizcaíno, Catalina
856 4 1 _uhttps://www.biblioeco.unsa.edu.ar/pmb/images/libros/L128052.jpg
_yImagen de portada
_qimage/jpeg
999 _c4822
_d4822